| 000 | 00698nam a2200217Ii 4500 | ||
|---|---|---|---|
| 003 | JO-AjNU | ||
| 008 | 230605s9999||||xx |||||||||||||| ||und|| | ||
| 017 | _a81/732 | ||
| 040 |
_aJO-AjNU _bara _erda _cJO-AjNU |
||
| 041 | _aara | ||
| 050 | 1 | 4 | _aK3941.A2846.1981 |
| 100 | 3 |
_a رضوان، أبو زيد, _eauthor _939112 |
|
| 245 | 0 | 0 | _aالأسس العامة فى التحكيم التجارى الدولى |
| 250 | _a(د،ط) | ||
| 264 | 3 | 1 | _aالقاهرة : دار الفكر العربي ، 1981 |
| 300 | _a211ص | ||
| 336 |
_atext _btxt _2rdacontent |
||
| 337 |
_aunmediated _bn _2rdamedia |
||
| 338 |
_avolume _bnc _2rdacarrier |
||
| 650 | 4 |
_aتحكيم دولي -- تجارة _939113 |
|
| 999 |
_aA16491 _c20059 _d20059 |
||